| 000 | 01322nam a2200301 a 4500 | ||
|---|---|---|---|
| 001 | |||
| 003 | DO-SdBNP | ||
| 005 | 20230327120233.0 | ||
| 008 | 081218s2007 dr 000 0 spa d | ||
| 020 | _a9789993442639 | ||
| 040 |
_aDO-SdBNP _bspa _cBPMSU |
||
| 082 |
_aRD863.4408 _bG216a 2007 _222 |
||
| 100 | 1 |
_aGarcía Guerra, Iván, _d1938- |
|
| 245 | 1 | 0 |
_aAntología narrativa / _cIván García Guerra. |
| 260 |
_aSanto Domingo : _bDirección General de la Feria del Libro, _c2007. |
||
| 300 |
_a417 p. ; _c23 cm. |
||
| 490 | 0 |
_aEdiciones Ferilibro ; _v104 |
|
| 505 | 0 | _aPresentación: Lic. Alejandro Arvelo -- Algunos conceptos acerca de la narrativa de Iván Guerra / León David -- El gran cuento (Primera parte) -- El gran cuento (Segunda parte) -- El gran cuento (Tercera parte) -- El gran cuento (Cuarta parte) -- El gran cuento (Quinta parte) -- El gran cuento (Sexta parte) -- El gran cuento (Séptima parte) -- Siglo veinte. | |
| 590 | _aInventariado, 2021/VM | ||
| 600 | 1 | 4 |
_aGarcía Guerra, Iván _d1938- _xCrítica e interpretación |
| 650 | 4 |
_aCuentos dominicanos _vColecciones |
|
| 650 | 4 | _aLiteratura dominicana. | |
| 700 | 1 | _aArvelo, Alejandro | |
| 700 | 1 | _aJohson Benoit, Daniel | |
| 710 | 2 | _aFeria Internacional del Libro (República Dominicana) | |
| 910 | _aVMateo V. | ||
| 942 |
_2ddc _cBK |
||
| 999 |
_c13864 _d13864 |
||